000 00448nam a2200181Ia 4500
001 1765
005 20260306143752.0
008 260306t2015||||xx |||||||||||||| ||spa||
041 _aESP
082 _a155.4
_bA16
100 _aAbud, Jordán Alejandro
_eAUT
245 0 _aPsicología de la niñez:
_bmísteríos y falacías
260 _c2015
300 _a127 páginas :
_c21 cm.
650 _aGEN
654 _aCPS
942 _cLIB
_dJUS
_fJUS
_2ddc
_n
999 _c1765
_d1765